| 000 | 01408cam a22004454a 4500 | ||
|---|---|---|---|
| 001 | 102146 | ||
| 005 | 20230410123425.0 | ||
| 008 | 040524s2004 it b 000 0 ita | ||
| 010 | _a 2004429653 | ||
| 035 | _a(OCoLC)ocm55104325 | ||
| 040 |
_aDLC _cDLC _dC3L |
||
| 020 | _a8814108706 | ||
| 020 | _a9788814108709 | ||
| 029 | 1 |
_aC3L _b04181751 |
|
| 029 | 1 |
_aNLGGC _b290504937 |
|
| 029 | 1 |
_aAU@ _b000040147520 |
|
| 035 | _a(OCoLC)55104325 | ||
| 042 | _apcc | ||
| 045 | _ax4x- | ||
| 082 | 0 | 0 |
_a382/.92 _222 |
| 082 | 1 | 4 |
_a341 _212 |
| 050 | 1 | 4 |
_aK4610 _bV469o 2004 |
| 100 | 1 | _aVenturini, Gabriella. | |
| 245 | 1 | 2 |
_aL'Organizzazione mondiale del commercio / _cGabriella Venturini ; con la collaborazione di Giovanna Adinolfi, Claudio Dordi, Angela Lupone. |
| 250 | _a2. ed. | ||
| 260 |
_aMilano : _bGiuffre, _c2004. |
||
| 300 |
_axlii, 600 p. ; _c23 cm. |
||
| 490 | 1 |
_aItalia e la vita giuridica internazionale ; _v17 |
|
| 500 | _aCollected essays. | ||
| 500 | _aFirst ed. 2000, now revised and updated. | ||
| 504 | _aIncludes bibliographical references (pp. xiii-xxxvii). | ||
| 610 | 2 | 0 | _aWorld Trade Organization. |
| 650 | 0 | _aForeign trade regulation. | |
| 650 | 0 |
_aTariff _xLaw and legislation. |
|
| 830 | 0 |
_aItalia e la vita giuridica internazionale ; _v17. |
|
| 938 |
_aCasalini Libri _bCASA _n04181751 _c38.00 EUR |
||
| 942 |
_2lcc _cbk |
||
| 946 | _aFHM | ||
| 994 |
_aC0 _bDRFGD |
||
| 999 |
_c61143 _d61143 |
||